Prospecto del establecimiento de baños minero-medicinales La Concepción, de propiedad y fundación del Señor Don Gaspar María Soliveres Sierra Borja y Stagno. (Record no. 130382)
[ view plain ]
| 000 -LEADER | |
|---|---|
| campo de control de longitud fija | 00964nam a2200217 i 4500 |
| 001 - NÚMERO DE CONTROL | |
| campo de control | 130382 |
| 003 - IDENTIFICADOR DE NÚMERO DE CONTROL | |
| campo de control | ES-MaACL |
| 005 - FECHA Y HORA DE LA ÚLTIMA TRANSACCIÓN | |
| campo de control | 20230906193727.0 |
| 007 - CAMPO FIJO DE DESCRIPCIÓN FÍSICA--INFORMACIÓN GENERAL | |
| campo de control de longitud fija | t| |
| 008 - DATOS DE LONGITUD FIJA--INFORMACIÓN GENERAL | |
| campo de control de longitud fija | 070726s1852 sp ||||1| spa d |
| 080 ## - NÚMERO DE LA CLASIFICACIÓN DECIMAL UNIVERSAL | |
| Número de la Clasificación Decimal Universal | 364-57(460.271):615.838 |
| 245 00 - MENCIÓN DEL TÍTULO | |
| Título | Prospecto del establecimiento de baños minero-medicinales La Concepción, de propiedad y fundación del Señor Don Gaspar María Soliveres Sierra Borja y Stagno. |
| 260 ## - PUBLICACIÓN, DISTRIBUCIÓN, ETC. | |
| Lugar de publicación, distribución, etc. | Madrid : |
| Nombre del editor, distribuidor, etc. | [s.n.], |
| Fecha de publicación, distribución, etc. | 1852 ( |
| Fabricante | Imp. de La Esperanza, a cargo de A. Pérez Dubrull) |
| 300 ## - DESCRIPCIÓN FÍSICA | |
| Extensión | 30 p., [1] h. de lám., [1] h. de lám. pleg. ; |
| Dimensiones | 28 cm. |
| 500 ## - NOTA GENERAL | |
| Nota general | Las h. de lám. lit., una parcial y otra general de la Casa de Baños. |
| 610 24 - PUNTO DE ACCESO ADICIONAL DE MATERIA--NOMBRE DE ENTIDAD CORPORATIVA | |
| Nombre de entidad corporativa o nombre de jurisdicción como elemento de entrada | Balneario La Concepción de Peralta (Velilla de San Antonio, Madrid) |
| 9 (RLIN) | 170353 |
| 650 #4 - PUNTO DE ACCESO ADICIONAL DE MATERIA--TÉRMINO DE MATERIA | |
| Término de materia o nombre geográfico como elemento de entrada | Aguas minerales- |
| Subdivisión geográfica | Madrid (Comunidad Autónoma) |
| 9 (RLIN) | 159811 |
| 650 #4 - PUNTO DE ACCESO ADICIONAL DE MATERIA--TÉRMINO DE MATERIA | |
| Término de materia o nombre geográfico como elemento de entrada | Balnearios- |
| Subdivisión geográfica | Madrid. |
| 9 (RLIN) | 175840 |
| 700 1# - ENTRADA AGREGADA--NOMBRE PERSONAL | |
| Nombre de persona | Soliveres, Gaspar María. |
| 9 (RLIN) | 107223 |
| 852 4# - LOCALIZACIÓN | |
| Ubicación | ES-MaACL |
| Número de control de estantería | T-29-F-4 |
| Estatus retirado | Estado de pérdida | Estado de daño | No para préstamo | Colección | Biblioteca de origen | Biblioteca actual | Ubicación en estantería | Fecha de adquisición | Fuente de adquisición | Total de préstamos | Signatura topográfica completa | Código de barras | Visto por última vez | Precio de reemplazo | Tipo de ítem Koha |
|---|---|---|---|---|---|---|---|---|---|---|---|---|---|---|---|
| Colección de folletos | Biblioteca del Ateneo de Madrid | Biblioteca del Ateneo de Madrid | Depósito folletos | 17/01/2008 | T-29-F-4 | 1135756 | 23/02/2023 | 23/02/2023 | Folleto |
